Đang tải...

Encyclopaedia of human resource management, Vol.4: HRD dynamics in government systems

Chi tiết về thư mục
Tác giả chính: Ashok Kumar, Ed
Định dạng: Printed Book
Được phát hành: New Delhi Anmol Publications 1999
Những chủ đề:
LEADER 00553nam a2200157 4500
082 |a R 350.1 ASH-E.4 
100 |a Ashok Kumar, Ed. 
245 |a Encyclopaedia of human resource management, Vol.4: HRD dynamics in government systems 
250
260 |a New Delhi  |b Anmol Publications  |c 1999 
300
490
650 |a Human Resource Management-- Public Administration 
942 |c BK 
999 |c 234275  |d 234275 
952 |0 0  |1 0  |4 0  |6 R_350_100000000000000_ASHE_4  |7 0  |9 248408  |a SDE  |b SDE  |d 2019-12-12  |l 0  |o R 350.1 ASH-E.4  |p SDE13727  |r 2019-12-12  |w 2019-12-12  |y BK